000 01240cam a22002652i 4500
003 SA_RiAUC
005 20241122155749.0
008 241121s2009____le g 000 0bara c
040 _aSA-RiKAPL
_bara
_cSA-RiAUC
_erda
082 0 _a237.3
090 _a237.3
_bا ب ن ن
100 1 _aابن ناصر الدين، محمد بن عبد الله بن محمد،
_d777-842 هجري
_eمؤلف.
245 1 0 _aتحفة الأخباري بترجمة البخاري /
_cابن ناصر الدين الدمشقي ؛ تحقيق وتعليق محمد بن ناصر العجمي.
250 _aالطبعة الأولى.
264 1 _aبيروت :
_bدار البشائر الإسلامية للطباعة والنشر والتوزيع،
_c2009
300 _a88 صفحة ؛
_c24 سم
336 _aنص
_btxt
_2rdacontent
_3كتاب
337 _aبدون وسيط
_bn
_2rdamedia
338 _aمجلد
_bnc
_2rdacarrier
600 1 7 _aالبخاري، محمد بن إسماعيل بن إبراهيم،
_d194-256 هجري
_2aucnm
650 7 _aطبقات رواة الحديث وحفاظه
_vتراجم
_2aucsh
700 1 _aالعجمي، محمد بن ناصر
_eمحقق.
942 _2ddc
_cBOOK
_n0
949 _aSA-JeALM
_d241121
_umohamedma123
_n1
999 _c2638
_d2638